Normal view
MARC view
- Guerrero Araiza, Cuauhtémoc
Entry Nombre Personal
001 - NUMERO DE CONTROL
- campo de control: 44395
003 - IDENTIFICADOR DE NUMERO DE CONTROL
- campo de control: DLC
005 - FECHA Y HORA DE LA ÜLTIMA TRANSACCIÓN
- campo de control: 20220509175538.0
008 - DATOS DE LONGITUD FIJA
- campo de control de longitud fija: 170901n| azannaabn |a aaa c
010 ## - NÚMERO DE CONTROL DE LA BIBLIOTECA DEL CONGRESO
- Número de control LC: ns2017002146
035 ## - NUMERO DE CONTROL
- Número de control: (CaEvSKY)skya11464890
040 ## - FUENTE DE CATALOGACIÓN
- Agencia original de catalogación: MX-SlUA
- Lenguaje de catalogación: eng
- Description conventions: rda
- Agencia de transcripción: MX-SlUA
- Agencia que lo modifica: MX-MxUPN
100 1# - ENCABEZAMIENTO - NOMBRE PERSONAL
- Nombre personal: Guerrero Araiza, Cuauhtémoc
375 ## - GÉNERO
- Gender: male
377 ## - LENGUA ASOCIADA
- Language code: spa
400 1# - VEÁSE - NOMBRE DE PERSONA
- Personal name: Araiza, Cuauhtémoc Guerrero
670 ## - FUENTE EN LA QUE SE LOCALIZARON DATOS
- Cita de la fuente: Función de alto riesgo, 2011:
- Información localizada: port. (Cuauhtémoc Guerrero Araiza)
670 ## - FUENTE EN LA QUE SE LOCALIZARON DATOS
- Cita de la fuente: Orientaciones generales para la elaboración de la normatividad en las entidades federativa, 2006 :
- Información localizada: rev. port. (Cuauhtémoc Guerrero Araiza)
